000
00474nam a2200181Ia 4500
008
090124s9999 xx 000 0 und d
082
_b
121142
100
_a
नरवणे सुधा
245
_a
इंद्रधनू
250
_a
0
260
_c
1985
300
_a
162
600
_a
नरवणे सुधा
630
_a
इंद्रधनू
700
_a
नरवणे सुधा
730
_a
इंद्रधनू
942
_c
BOOK
999
_c
167228
_d
167228